00688 2200193 4500245006400000020002200064250001100086100002200097700001900119700002300138650002400161005001900185260004100204041001400245084000800259300002800267500019000295336000900485 aHow to Swag a Business for DummiescArief ArdinugrohohText a978-623-00-1421-5 aCet. 1 aArief Ardinugroho aAninta Mamoedi aWave Design Studio aBisnis untuk Pemula a20241007135552 aJakartabElex Media Komputindoc2020 aIndonesia a650 axiiv, 83 hlm. :c23 cm. aBuku ini akan membantu action dengan format 4DX sehingga sehari-hari pembaca akan lebih disiplin. Tidak hanya 7, 30 atau 100 hari saja, tapi buku ini mengawalmu sampai 365 hari ke depan atext